[Event "FIDE World Bl Team Pool A"]
[Site "London ENG"]
[Date "2025.06.14"]
[Round "6.3"]
[White "Kunz, Andre"]
[Black "Southcott-Moyers, Indy"]
[Result "0-1"]
[WhiteTitle "CM"]
[BlackTitle "FM"]
[WhiteElo "2128"]
[BlackElo "2289"]
[WhiteTeam "Berlin Lasker Legends"]
[BlackTeam "Turkish Airlines Sports Club"]
[WhiteFideId "24623652"]
[BlackFideId "488542"]
[EventDate "2025.06.14"]
[EventType "team"]

1. e4 e5 2. Nf3 Nc6 3. Bc4 Bc5 4. O-O Nf6 5. d3 d6 6. c3 a5 7. Nbd2 O-O 8. h3
Be6 9. Re1 Re8 10. Bxe6 fxe6 11. a4 Qd7 12. Nc4 Rf8 13. Be3 Bxe3 14. fxe3 Qe7
15. Rf1 Nd7 16. d4 exd4 17. exd4 d5 18. Ncd2 Nf6 19. Qe2 dxe4 20. Nxe4 Nd5 21.
Neg5 h6 22. Qxe6+ Qxe6 23. Nxe6 Rfe8 24. Nc5 b6 25. Nd3 Re3 26. Nde5 Nxe5 27.
Nxe5 c5 28. Nc4 Re2 29. dxc5 bxc5 30. Rf2 Rae8 31. Raf1 Rxf2 32. Rxf2 Re4 33.
Nxa5 Rxa4 34. Nc6 Ra1+ 35. Kh2 Ne3 36. g4 Nd1 37. Rd2 Rb1 38. b4 c4 39. Ne5 Nxc3
40. Rc2 Nb5 41. Rxc4 Rb2+ 42. Kg3 Rb3+ 43. Kf4 Nd6 44. Rd4 Nb5 45. Rd8+ Kh7 46.
Nc6 Rxh3 47. Rb8 Nd6 48. Ke5 Nf7+ 49. Kd5 Rd3+ 50. Kc4 Rg3 51. b5 Nd6+ 52. Kc5
Nxb5 53. Rxb5 Rxg4 54. Kd6 Rg1 55. Ne5 h5 56. Ke6 h4 57. Kf5 h3 58. Rb4 g6+ 59.
Nxg6 Rxg6 60. Rb7+ Kh6 61. Rb2 Rg2 62. Rb3 h2 63. Rh3+ Kg7 64. Kf4 Kg6 65. Kf3
Ra2 66. Rg3+ Kf5 67. Rh3 Ra3+ 68. Kg2 Rxh3 69. Kh1 Ra3 70. Kg2 Kg4 71. Kh1 Ra1+
72. Kxh2 Ra2+ 0-1

[Event "FIDE World Bl Team Pool A"]
[Site "London ENG"]
[Date "2025.06.14"]
[Round "6.4"]
[White "Lohia, Sohum"]
[Black "Stein, Theodor"]
[Result "0-1"]
[WhiteTitle "FM"]
[WhiteElo "2364"]
[BlackElo "1877"]
[WhiteTeam "Turkish Airlines Sports Club"]
[BlackTeam "Berlin Lasker Legends"]
[WhiteFideId "5819369"]
[BlackFideId "34602801"]
[EventDate "2025.06.14"]
[EventType "team"]

1. e4 d6 2. d4 Nf6 3. Nc3 g6 4. Bf4 a6 5. Qd2 b5 6. a3 Bb7 7. f3 Nbd7 8. g4 Nb6
9. O-O-O h5 10. g5 Nfd7 11. h4 Bg7 12. Kb1 O-O 13. Be3 c5 14. dxc5 dxc5 15. Bh3
e6 16. Nge2 Nc4 17. Qxd7 Nxe3 18. Qxb7 Nxd1 19. Rxd1 Qb8 20. Qxb8 Rfxb8 21. f4
b4 22. axb4 Rxb4 23. e5 Rab8 24. b3 c4 25. Na2 R4b7 26. b4 a5 27. c3 axb4 28.
Nxb4 Bf8 29. Kc2 Bxb4 30. cxb4 Rxb4 31. Nd4 Rb2+ 32. Kc3 R8b3+ 33. Nxb3 Rxb3+
34. Kxc4 Rxh3 35. Kc5 Rxh4 36. Rd4 Rh1 37. Kd6 Kf8 38. Kd7 Rf1 39. Ra4 Rd1+ 40.
Kc6 h4 41. Ra8+ Kg7 42. Ra3 Rf1 43. Rh3 Rxf4 44. Kd6 Kf8 45. Rc3 Rd4+ 46. Kc6
Rd5 47. Re3 h3 48. Rxh3 Rxe5 49. Rg3 Rd5 50. Rg1 Ke7 51. Rg2 Rd1 52. Rg3 Rc1+
53. Kb5 Kd6 54. Rf3 Rc5+ 55. Kb4 Rf5 56. Rg3 Ke5 57. Kc4 Kf4 58. Rg1 Rxg5 59.
Rf1+ Ke4 60. Rxf7 Rg1 61. Kc3 Rg2 62. Rf6 e5 63. Re6 g5 64. Ra6 Ke3 65. Ra1 e4
66. Re1+ Kf3 67. Kd4 Rd2+ 68. Ke5 e3 69. Kf5 e2 70. Kxg5 Rd1 0-1

[Event "FIDE World Bl Team Pool A"]
[Site "London ENG"]
[Date "2025.06.14"]
[Round "6.5"]
[White "Ho, Ngoc Hai-Dang"]
[Black "Lu, Miaoyi"]
[Result "0-1"]
[BlackTitle "IM"]
[WhiteElo "1932"]
[BlackElo "2452"]
[WhiteTeam "Berlin Lasker Legends"]
[BlackTeam "Turkish Airlines Sports Club"]
[WhiteFideId "16206509"]
[BlackFideId "8618020"]
[EventDate "2025.06.14"]
[EventType "team"]

1. e4 e5 2. Nf3 Nc6 3. Bc4 Nf6 4. d3 Bc5 5. c3 d6 6. Nbd2 a5 7. Bb3 O-O 8. Nf1
Be6 9. Ng3 Bxb3 10. axb3 d5 11. Qe2 h6 12. O-O Qd7 13. Re1 Rfe8 14. h3 Rad8 15.
Nf5 dxe4 16. dxe4 Qd3 17. Bd2 Qc2 18. c4 Qxb3 19. Bxa5 Nxa5 20. Rxa5 b6 21. Raa1
Qd3 22. Qxd3 Rxd3 23. Ra7 Rb3 24. Re2 Nh5 25. Rxc7 Nf4 26. Rd2 Bb4 27. Rc2 Nd3
28. Rd7 Rxb2 29. Rxb2 Nxb2 30. Rb7 Nxc4 31. Ng3 Bc5 32. Ne2 Ra8 33. Nc3 Ra1+ 34.
Kh2 Bxf2 35. Nd5 Bc5 36. Rd7 g6 37. Nf6+ Kg7 38. Ne8+ Kf8 39. Nf6 Ra2 40. Rd3 h5
41. Ng5 Ne3 42. Rd7 Rxg2+ 43. Kh1 Be7 44. Rd3 Bxf6 45. Rxe3 Rxg5 46. Rb3 Bd8 47.
Rd3 Ke7 48. Kh2 b5 49. Rb3 Bb6 50. Rxb5 Be3 51. Rb7+ Kf6 52. Rb6+ Kg7 53. Rb3
Bf4+ 54. Kh1 Rg3 55. Rb7 Rxh3+ 56. Kg2 Re3 57. Rb4 h4 58. Kf2 h3 59. Rb1 h2 0-1

[Event "FIDE World Bl Team Pool A"]
[Site "London ENG"]
[Date "2025.06.14"]
[Round "6.6"]
[White "Yildiz, Ali Aras"]
[Black "Schuster, Rebekka"]
[Result "1-0"]
[WhiteElo "2089"]
[BlackElo "1806"]
[WhiteTeam "Turkish Airlines Sports Club"]
[BlackTeam "Berlin Lasker Legends"]
[WhiteFideId "51619822"]
[BlackFideId "24674095"]
[EventDate "2025.06.14"]
[EventType "team"]

1. e4 e6 2. d4 d5 3. Nd2 Nf6 4. e5 Nfd7 5. Bd3 c5 6. c3 Nc6 7. Ne2 cxd4 8. cxd4
f6 9. exf6 Nxf6 10. Nf3 Bd6 11. O-O O-O 12. Bg5 Bd7 13. a3 Qe8 14. Bh4 e5 15.
dxe5 Nxe5 16. Nxe5 Bxe5 17. Qd2 Qh5 18. Bg3 Ng4 19. h3 1-0

[Event "FIDE World Bl Team Pool A"]
[Site "London ENG"]
[Date "2025.06.14"]
[Round "6.1"]
[White "Dudin, Gleb"]
[Black "Moussard, Jules"]
[Result "0-1"]
[WhiteTitle "GM"]
[BlackTitle "GM"]
[WhiteElo "2574"]
[BlackElo "2597"]
[WhiteTeam "Global Ramblers"]
[BlackTeam "Knight Dance"]
[WhiteFideId "34184934"]
[BlackFideId "642908"]
[EventDate "2025.06.14"]
[EventType "team"]

1. d4 d5 2. c4 e6 3. Nf3 Nf6 4. g3 Be7 5. Bg2 O-O 6. Nc3 c6 7. O-O a5 8. b3 b6
9. Bb2 Ba6 10. a3 Nbd7 11. Nd2 b5 12. c5 b4 13. axb4 axb4 14. Na2 Qb8 15. Re1
Qb7 16. Qc2 h6 17. e3 Rfb8 18. Nc1 Qc7 19. Nd3 Bxd3 20. Qxd3 e5 21. Bh3 e4 22.
Qe2 Nf8 23. f3 exf3 24. Qxf3 Ne6 25. Bxe6 fxe6 26. e4 dxe4 27. Nxe4 Nd5 28. Qg4
Qd7 29. Nf2 Rxa1 30. Rxa1 Bf6 31. Ne4 Be7 32. Bc1 Nf6 33. Nxf6+ Bxf6 34. Be3 Qd5
35. Ra7 Kh7 36. h4 Rd8 37. Rc7 Qxb3 38. Qe4+ Kh8 39. Rxc6 Qd1+ 40. Kg2 Qe2+ 41.
Kh3 b3 42. Rb6 0-1

[Event "FIDE World Bl Team Pool A"]
[Site "London ENG"]
[Date "2025.06.14"]
[Round "6.2"]
[White "Van Foreest, Jorden"]
[Black "Shabalov, Alexander"]
[Result "1-0"]
[WhiteTitle "GM"]
[BlackTitle "GM"]
[WhiteElo "2687"]
[BlackElo "2483"]
[WhiteTeam "Knight Dance"]
[BlackTeam "Global Ramblers"]
[WhiteFideId "1039784"]
[BlackFideId "2008572"]
[EventDate "2025.06.14"]
[EventType "team"]

1. Nf3 Nf6 2. g3 b5 3. Na3 a6 4. b3 Bb7 5. c4 c6 6. Bg2 g6 7. Bb2 Bg7 8. O-O O-O
9. d3 d5 10. Rc1 Nbd7 11. Nc2 Re8 12. cxd5 cxd5 13. d4 Ne4 14. Nd2 Qa5 15. Nxe4
dxe4 16. a3 Rad8 17. Qe1 Qb6 18. Bc3 Qe6 19. Rb1 Nb6 20. Ba5 Rc8 21. Qd2 Nd5 22.
Rfc1 h5 23. Nb4 e3 24. Qd3 exf2+ 25. Kxf2 Bh6 26. Rxc8 Rxc8 27. Nxd5 Bxd5 28. e4
Bb7 29. Kg1 f5 30. d5 Qe5 31. exf5 Qe3+ 32. Qxe3 Bxe3+ 33. Kh1 gxf5 34. Re1 Rc1
35. Rxc1 Bxc1 36. Bb4 Kf7 37. Bf3 Kf6 38. Kg2 Ke5 39. Bc3+ Kd6 40. Bb4+ Ke5 41.
Bxh5 Bxd5+ 42. Kf2 Bxb3 43. Bxe7 a5 44. Be2 Bc4 45. Bxc4 bxc4 46. a4 Kd4 47. Ke2
c3 48. Kd1 Be3 49. Kc2 Bg1 50. h4 Bf2 51. h5 Bxg3 52. Bd8 Be5 53. Bxa5 Ke4 54.
Bxc3 Bxc3 55. Kxc3 Ke3 56. h6 f4 57. h7 f3 58. h8=Q f2 59. Qe5+ 1-0

[Event "FIDE World Bl Team Pool A"]
[Site "London ENG"]
[Date "2025.06.14"]
[Round "6.3"]
[White "Glek, Igor"]
[Black "Dardha, Daniel"]
[Result "1/2-1/2"]
[WhiteTitle "GM"]
[BlackTitle "GM"]
[WhiteElo "2444"]
[BlackElo "2646"]
[WhiteTeam "Global Ramblers"]
[BlackTeam "Knight Dance"]
[WhiteFideId "4100484"]
[BlackFideId "240990"]
[EventDate "2025.06.14"]
[EventType "team"]

1. e4 c5 2. Nf3 d6 3. d4 Nf6 4. Nc3 cxd4 5. Nxd4 Nc6 6. Be2 g6 7. Be3 Bg7 8. O-O
O-O 9. Qd2 Bd7 10. Rfd1 Rc8 11. f3 a6 12. a4 Ne5 13. a5 Nc4 14. Bxc4 Rxc4 15.
Nd5 Nxd5 16. exd5 Qc8 17. c3 Re8 18. Qf2 Rc5 19. Nc2 Rb5 20. Nb4 e5 21. dxe6
Bxe6 22. Rxd6 Bb3 23. Bd4 Bf8 24. Rb6 Rxb6 25. axb6 Qc4 26. Re1 Re6 27. Rxe6
Qxe6 28. Qe3 Qxe3+ 29. Bxe3 Bxb4 1/2-1/2

[Event "FIDE World Bl Team Pool A"]
[Site "London ENG"]
[Date "2025.06.14"]
[Round "6.4"]
[White "Maurizzi, Marc'Andria"]
[Black "Mesropov, Konstantin"]
[Result "0-1"]
[WhiteTitle "GM"]
[BlackTitle "IM"]
[WhiteElo "2607"]
[BlackElo "2458"]
[WhiteTeam "Knight Dance"]
[BlackTeam "Global Ramblers"]
[WhiteFideId "36083534"]
[BlackFideId "4116887"]
[EventDate "2025.06.14"]
[EventType "team"]

1. e4 e6 2. b3 d5 3. Bb2 Nc6 4. e5 Nge7 5. d4 b6 6. Nf3 a5 7. Nbd2 a4 8. h4 h6
9. h5 Ba6 10. Bxa6 Rxa6 11. Nf1 Ra8 12. Ne3 b5 13. O-O Qd7 14. c4 bxc4 15. bxc4
dxc4 16. Rc1 Nd5 17. Rxc4 a3 18. Ba1 Be7 19. Qe2 Nf4 20. Qc2 Nb4 21. Qe4 Nfd5
22. Qb1 O-O 23. Bc3 Rfb8 24. Bxb4 Nxb4 25. Qe4 Nd5 26. Rfc1 Bf8 27. Ne1 Ra5 28.
Nd3 Rab5 29. g3 Rb1 30. Kg2 Rxc1 31. Rxc1 c6 32. Nc4 Ra8 33. Rb1 Nc3 34. Qe1 Qb7
35. Nb6 0-1

[Event "FIDE World Bl Team Pool A"]
[Site "London ENG"]
[Date "2025.06.14"]
[Round "6.5"]
[White "Badelka, Olga"]
[Black "Roebers, Eline"]
[Result "1-0"]
[WhiteTitle "IM"]
[BlackTitle "IM"]
[WhiteElo "2424"]
[BlackElo "2356"]
[WhiteTeam "Global Ramblers"]
[BlackTeam "Knight Dance"]
[WhiteFideId "13509926"]
[BlackFideId "1058401"]
[EventDate "2025.06.14"]
[EventType "team"]

1. d4 f5 2. g3 Nf6 3. c4 g6 4. Nh3 d6 5. Bg2 e6 6. Nc3 Bg7 7. Nf4 g5 8. Nd3 h6
9. h4 g4 10. Nf4 O-O 11. O-O c6 12. d5 e5 13. dxc6 bxc6 14. Ng6 Re8 15. c5 d5
16. f3 Kh7 17. h5 Nxh5 18. fxg4 Nxg3 19. Rf3 Kxg6 20. Rxg3 f4 21. Qc2+ Kf7 22.
Bd2 Kg8 23. Rd3 Be6 24. Ne4 Nd7 25. Nd6 Rf8 26. Rh3 Qg5 27. Nf5 Rxf5 28. gxf5
Bxf5 29. Qb3 Nxc5 30. Qa3 Bxh3 31. Qxh3 e4 32. Rc1 Rf8 33. Kh1 Nb7 34. Rxc6 Nd8
35. Rc7 Qe5 36. Rc2 d4 37. Bb4 Re8 38. Rc8 Nf7 39. Qd7 Rxc8 40. Qxc8+ Kh7 41.
Bh3 Kg6 42. Be1 f3 43. exf3 Ng5 44. Qc6+ Kh7 45. Bg4 exf3 46. Qc2+ Kg8 47. Qc4+
Kh8 48. Qc8+ Kh7 49. Bf5+ 1-0

[Event "FIDE World Bl Team Pool A"]
[Site "London ENG"]
[Date "2025.06.14"]
[Round "6.6"]
[White "Phulpin, Theo"]
[Black "Volkov, Leonid"]
[Result "1/2-1/2"]
[WhiteElo "1773"]
[BlackElo "1828"]
[WhiteTeam "Knight Dance"]
[BlackTeam "Global Ramblers"]
[WhiteFideId "36001600"]
[BlackFideId "12848140"]
[EventDate "2025.06.14"]
[EventType "team"]

1. e4 e5 2. d4 exd4 3. Qxd4 Nc6 4. Qe3 Qf6 5. Nc3 Bb4 6. Bd2 Nge7 7. Bc4 d6 8.
Nge2 Bc5 9. Qf4 Qxf4 10. Bxf4 Be6 11. Bxe6 fxe6 12. Bg3 Nd4 13. O-O-O Nxe2+ 14.
Nxe2 O-O 15. f3 Be3+ 16. Kb1 e5 17. Nc3 a6 18. Rhe1 Bb6 19. Rd3 Rad8 20. Red1 h6
21. Nd5 Nxd5 22. Rxd5 Rf6 23. Bh4 g5 24. Be1 Bd4 25. c3 c6 26. Ra5 Bb6 27. Ra3
d5 28. Rb3 dxe4 29. Rxd8+ Bxd8 30. Rxb7 exf3 31. gxf3 Rxf3 32. Bg3 Bf6 33. Rc7
e4 34. Rxc6 Kf7 35. Kc2 e3 36. Kd3 g4 37. Rc4 h5 38. Re4 Bg5 39. Ke2 Kf6 40. Ra4
Kf5 41. Rxa6 h4 42. Ra5+ Kf6 43. Be5+ Ke6 44. Bd4 Rf2+ 45. Ke1 Rxb2 46. Rxg5
Rxa2 47. Rxg4 Rxh2 48. Bxe3 Kf5 49. Rf4+ Ke5 50. Rg4 Kf5 51. Rg8 Ke4 52. Re8+
Kd3 53. Bd4 h3 54. Rh8 Re2+ 55. Kf1 h2 56. Bg1 hxg1=Q+ 57. Kxg1 Kxc3 1/2-1/2

[Event "FIDE World Bl Team Pool A"]
[Site "London ENG"]
[Date "2025.06.14"]
[Round "6.1"]
[White "Khoury, Theo"]
[Black "Hong, Andrew"]
[Result "0-1"]
[WhiteTitle "CM"]
[BlackTitle "GM"]
[WhiteElo "2209"]
[BlackElo "2589"]
[WhiteTeam "Chess Trust Accelerators"]
[BlackTeam "FIDE MB Team"]
[WhiteFideId "480703"]
[BlackFideId "2099438"]
[EventDate "2025.06.14"]
[EventType "team"]

1. e4 e6 2. d4 d5 3. Nc3 Nf6 4. e5 Nfd7 5. f4 c5 6. Nf3 Nc6 7. Be3 Be7 8. Qd2
O-O 9. dxc5 Qa5 10. a3 a6 11. h4 f6 12. exf6 Nxf6 13. h5 Ng4 14. Bg1 Bxc5 15.
Bxc5 Qxc5 16. Rh4 Qe3+ 17. Qxe3 Nxe3 18. Kd2 d4 19. Ne4 e5 20. fxe5 Bf5 21. c3
Nxf1+ 22. Rxf1 dxc3+ 23. bxc3 Rad8+ 24. Ke3 Rfe8 25. Nd4 Bxe4 26. Rxe4 Nxe5 27.
Nf3 Nc4+ 28. Kf4 Rxe4+ 29. Kxe4 Nxa3 30. Nd4 Nc4 31. Kd3 Rc8 32. Rb1 Ne5+ 33.
Ke4 Nd7 34. Kd5 b5 35. Ra1 Nb6+ 36. Ke6 Na4 37. Nf5 Rc6+ 38. Kd7 Rxc3 39. Rf1
Nb6+ 40. Kd6 Nc8+ 41. Kd7 b4 42. Re1 Kf7 43. h6 gxh6 44. Nxh6+ Kg7 45. Ng4 Nb6+
46. Kd6 h5 47. Re7+ Kg6 48. Re6+ Kg5 49. Ne5 Nc4+ 50. Nxc4 Rxc4 51. Kd5 Rg4 0-1

[Event "FIDE World Bl Team Pool A"]
[Site "London ENG"]
[Date "2025.06.14"]
[Round "6.2"]
[White "Short, Nigel D"]
[Black "Verbytski, Oleg"]
[Result "1-0"]
[WhiteTitle "GM"]
[WhiteElo "2587"]
[BlackElo "1994"]
[WhiteTeam "FIDE MB Team"]
[BlackTeam "Chess Trust Accelerators"]
[WhiteFideId "400025"]
[BlackFideId "495506"]
[EventDate "2025.06.14"]
[EventType "team"]

1. e4 c5 2. Nf3 d6 3. d4 cxd4 4. Nxd4 Nf6 5. Nc3 a6 6. a3 e6 7. f4 Be7 8. Bd3
Qc7 9. O-O b5 10. Qe2 Bb7 11. Bd2 O-O 12. Kh1 Nc6 13. Nf3 e5 14. Rae1 Rfe8 15.
Qf2 Bf8 16. Qh4 Nd4 17. Nxd4 exd4 18. e5 dxe5 19. fxe5 dxc3 20. exf6 g6 21. Bxc3
Qc6 22. Qh3 Rad8 23. Rxe8 Rxe8 24. Bb4 Bxb4 25. axb4 h5 26. Qf3 Qxf3 27. gxf3
Re6 28. Kg2 Rxf6 29. Kg3 Kg7 30. h4 Re6 31. Rf2 f5 32. Re2 Rxe2 33. Bxe2 Kf6 34.
f4 Be4 35. c3 Bd5 36. Kf2 Ke6 37. Ke3 Kd6 38. Kd4 Bc6 39. Bd3 Bd7 40. Bc2 Be6
41. Bd1 Bc4 42. Bf3 Be6 43. Bb7 Kc7 44. Bd5 Bd7 45. Bf7 Kd6 46. Bxg6 Ke6 47.
Bxh5 Kf6 48. Bf3 Be6 49. Bb7 Bc4 50. Bxa6 Be2 51. Bc8 Kg6 52. Ke5 Bd3 53. Bd7
Be4 54. Bxf5+ Bxf5 55. h5+ Kxh5 56. Kxf5 Kh6 57. Kf6 Kh7 58. f5 Kg8 59. Ke7 Kg7
60. f6+ Kh7 61. f7 Kg6 62. f8=Q Kh7 63. Qf6 Kg8 64. Qg5+ Kh7 65. Kf7 Kh8 66.
Qh6# 1-0

[Event "FIDE World Bl Team Pool A"]
[Site "London ENG"]
[Date "2025.06.14"]
[Round "6.3"]
[White "Jakhria, Kushal"]
[Black "Bologan, Victor"]
[Result "0-1"]
[WhiteTitle "CM"]
[BlackTitle "GM"]
[WhiteElo "2011"]
[BlackElo "2601"]
[WhiteTeam "Chess Trust Accelerators"]
[BlackTeam "FIDE MB Team"]
[WhiteFideId "497444"]
[BlackFideId "13900048"]
[EventDate "2025.06.14"]
[EventType "team"]

1. d4 d6 2. c4 e5 3. d5 Be7 4. e4 Bg5 5. Nc3 Bxc1 6. Qxc1 Ne7 7. h3 O-O 8. g4 a5
9. Nge2 Na6 10. Ng3 Nc5 11. b3 Ng6 12. f3 Qh4 13. Rg1 Nf4 14. Qe3 Qh6 15. Kf2 g6
16. Rh1 f5 17. exf5 gxf5 18. Be2 Kh8 19. Rag1 Bd7 20. Nf1 Nxh3+ 21. Rxh3 Qxh3
22. Qg5 fxg4 23. Rg3 Qh1 24. Rg1 Rxf3+ 25. Ke1 Qxg1 26. Bxf3 Rf8 27. Be2 Qf2+
28. Kd2 Qf6 29. Qh5 Qg6 30. Qh4 Qf6 31. Qh1 Qf4+ 32. Kd1 g3 33. Qg2 Rg8 34. Ke1
Bf5 35. Nd1 Be4 36. Qg1 g2 37. Nfe3 Bf3 38. Kf2 0-1

[Event "FIDE World Bl Team Pool A"]
[Site "London ENG"]
[Date "2025.06.14"]
[Round "6.4"]
[White "Al-Mudahka, Mohd"]
[Black "Dicen, Elis Denele"]
[Result "1-0"]
[WhiteTitle "GM"]
[BlackTitle "WFM"]
[WhiteElo "2542"]
[BlackElo "2136"]
[WhiteTeam "FIDE MB Team"]
[BlackTeam "Chess Trust Accelerators"]
[WhiteFideId "12100030"]
[BlackFideId "462560"]
[EventDate "2025.06.14"]
[EventType "team"]

1. e4 c5 2. Nc3 Nc6 3. f4 g6 4. Nf3 Bg7 5. Bc4 d6 6. O-O e6 7. d3 Nge7 8. Qe1 a6
9. a4 O-O 10. Bb3 d5 11. Qh4 Nd4 12. Nxd4 cxd4 13. Nd1 dxe4 14. dxe4 d3 15. Be3
dxc2 16. Bxc2 Bd7 17. Nc3 Re8 18. Rad1 Qc7 19. Qf2 Rac8 20. Bb6 Qc6 21. a5 Bxc3
22. bxc3 Qxc3 23. Rxd7 Qxc2 24. Qxc2 Rxc2 25. Rxb7 Nc6 26. Rd1 Rc4 27. Rdd7 Rf8
28. Rbc7 e5 29. f5 Rc1+ 30. Kf2 Rc2+ 31. Ke3 Nd4 32. Bxd4 exd4+ 33. Kxd4 Rd2+
34. Ke5 Ra2 35. Kf6 Rxa5 36. Rxf7 Rxf7+ 37. Rxf7 gxf5 38. Ra7 h5 39. exf5 Ra2
40. g3 a5 41. Kg6 Kf8 42. f6 Ke8 43. f7+ Kf8 44. Ra8+ Ke7 45. f8=Q+ 1-0

[Event "FIDE World Bl Team Pool A"]
[Site "London ENG"]
[Date "2025.06.14"]
[Round "6.5"]
[White "Volovich, Julia"]
[Black "Zhu, Chen"]
[Result "0-1"]
[BlackTitle "GM"]
[WhiteElo "1945"]
[BlackElo "2423"]
[WhiteTeam "Chess Trust Accelerators"]
[BlackTeam "FIDE MB Team"]
[WhiteFideId "447099"]
[BlackFideId "8600546"]
[EventDate "2025.06.14"]
[EventType "team"]

1. d4 d6 2. e4 Nf6 3. Nc3 e5 4. Nf3 Nbd7 5. h3 Be7 6. Be3 c6 7. Be2 b5 8. O-O b4
9. Na4 Nxe4 10. dxe5 dxe5 11. Nd2 Nef6 12. Bf3 Qc7 13. Nc4 Ba6 14. b3 Bxc4 15.
bxc4 O-O 16. Re1 Qa5 17. Bxc6 Rad8 18. Nb2 Nb8 19. Bd5 Nxd5 20. cxd5 Rxd5 21.
Qg4 Qc7 22. Rac1 Nc6 23. Nd3 Rfd8 24. Bh6 Bf8 25. Bg5 Re8 26. Bd2 a5 27. Be3 Qd7
28. Qc4 e4 29. Nc5 Qf5 30. Nxe4 Rxe4 31. Qxc6 Rd6 32. Qb7 Rg6 33. f3 Qxf3 0-1

[Event "FIDE World Bl Team Pool A"]
[Site "London ENG"]
[Date "2025.06.14"]
[Round "6.6"]
[White "Zaiarski, Stepan"]
[Black "Kendall, Arthur"]
[Result "1-0"]
[WhiteElo "1932"]
[BlackElo "1883"]
[WhiteTeam "FIDE MB Team"]
[BlackTeam "Chess Trust Accelerators"]
[WhiteFideId "13907000"]
[BlackFideId "343410960"]
[EventDate "2025.06.14"]
[EventType "team"]

1. d4 Nf6 2. c4 g6 3. g3 Bg7 4. Bg2 O-O 5. Nf3 d6 6. Nc3 c5 7. d5 a6 8. a4 e6 9.
O-O exd5 10. cxd5 Re8 11. Re1 Nbd7 12. Bf4 Qc7 13. Nd2 c4 14. e4 Nh5 15. Be3 Ne5
16. Qe2 Nd3 17. Rab1 Nxe1 18. Rxe1 Rb8 19. Qxc4 Qxc4 20. Nxc4 b5 21. axb5 axb5
22. Nxd6 Rd8 23. Ndxb5 Ba6 24. Nd4 Rxb2 25. Nc6 Re8 26. Na4 Ra2 27. Nc5 Bb5 28.
Nd4 Ba6 29. d6 Bf8 30. d7 Rd8 31. Nc6 Rxd7 32. Nxd7 Bb5 33. Nxf8 Bxc6 34. Rc1
Ra6 35. Bc5 Nf6 36. e5 Nd7 37. Nxd7 Bxd7 38. Bd6 Be6 39. Be7 Kg7 40. Bf6+ Kh6
41. h4 Ra5 42. Bf3 Ra3 43. Kg2 Rb3 44. Rc7 Ra3 45. Re7 Ra6 46. Re8 Ra1 47. Rg8
Ra8 48. Bg5# 1-0

[Event "FIDE World Bl Team Pool A"]
[Site "London ENG"]
[Date "2025.06.14"]
[Round "6.1"]
[White "Eren, Ataberk"]
[Black "Nihal, Sarin"]
[Result "0-1"]
[WhiteTitle "IM"]
[BlackTitle "GM"]
[WhiteElo "2423"]
[BlackElo "2696"]
[WhiteTeam "Satranc Istanbul"]
[BlackTeam "Ashdod Elit Chess Club"]
[WhiteFideId "6349765"]
[BlackFideId "25092340"]
[EventDate "2025.06.14"]
[EventType "team"]

1. e4 h6 2. h3 Nf6 3. e5 Nh7 4. d4 d6 5. exd6 exd6 6. Bd3 Be7 7. Nf3 O-O 8. O-O
Nc6 9. c3 d5 10. Re1 Bd6 11. Nbd2 Nf6 12. Ne5 Re8 13. Ndf3 Ne4 14. c4 Nxe5 15.
dxe5 Bb4 16. Rf1 Bc5 17. Bf4 c6 18. Qc2 Qb6 19. a3 a5 20. Rac1 Bf8 21. Be3 Qd8
22. cxd5 cxd5 23. Bxe4 dxe4 24. Qxe4 Qd7 25. Rfd1 Qb5 26. Rd2 Qa6 27. Nd4 Bd7
28. Qf4 Rac8 29. Rcd1 Ba4 30. Re1 Rcd8 31. Qg3 Bd7 32. Red1 Bc8 33. Nf3 Rxd2 34.
Rxd2 Bf5 35. Kh2 Be4 36. Nd4 Rc8 37. e6 fxe6 38. Bf4 Rd8 39. Be5 Rd5 40. f4 Qb6
41. Qe3 Bg6 42. Qc3 Rc5 43. Qe3 Rd5 44. Qc3 Bf7 45. Qg3 Qd8 46. Qc3 Qd7 47. Nf3
a4 48. Rxd5 exd5 49. Nd4 Bg6 50. Qc7 Qxc7 51. Bxc7 Bc5 52. Be5 Bb6 53. Kg3 Kf7
54. Kf3 Be4+ 55. Kf2 g6 56. g4 h5 57. Kg3 Bd8 58. g5 Ba5 59. Kf2 Bd2 60. h4 Bc1
61. Ne2 Bd2 62. Bc3 Bxc3 63. Nxc3 Ke6 64. Nb5 Kf5 65. Kg3 Bd3 66. Nd6+ Ke6 67.
Nxb7 Bc2 68. Kf3 d4 69. Nc5+ Kd5 70. Nd7 Kc4 71. Ke2 Bf5 72. Nb6+ Kb3 73. Kd2
Be4 74. Kc1 Bf5 75. Nd5 Kc4 76. Nb6+ Kd3 77. Nxa4 Ke2 78. b4 Be6 79. b5 Bb3 80.
Nc5 Bd5 81. b6 d3 82. Nxd3 Kxd3 83. f5 gxf5 84. g6 f4 85. g7 f3 0-1

[Event "FIDE World Bl Team Pool A"]
[Site "London ENG"]
[Date "2025.06.14"]
[Round "6.2"]
[White "Moiseenko, Alexander"]
[Black "Makaraci, Tunahan"]
[Result "1-0"]
[WhiteTitle "GM"]
[BlackTitle "FM"]
[WhiteElo "2568"]
[BlackElo "2233"]
[WhiteTeam "Ashdod Elit Chess Club"]
[BlackTeam "Satranc Istanbul"]
[WhiteFideId "14102560"]
[BlackFideId "6356559"]
[EventDate "2025.06.14"]
[EventType "team"]

1. d4 d5 2. c4 e6 3. Nc3 c5 4. e3 Nf6 5. Nf3 a6 6. b3 cxd4 7. exd4 Bb4 8. Bd2
Nc6 9. a3 Bxc3 10. Bxc3 Ne4 11. Bb2 Qa5+ 12. Nd2 O-O 13. Bd3 f5 14. f3 Nxd2 15.
Qxd2 Qb6 16. Qc3 Bd7 17. c5 Qc7 18. O-O Ne7 19. b4 Ng6 20. a4 Nf4 21. b5 Rf6 22.
b6 Qd8 23. Bc1 Nxd3 24. Qxd3 f4 25. Bd2 Rf5 26. Qe2 Qf6 27. Bc3 Rf8 28. Rfe1 g5
29. Qf2 h5 30. h3 Kf7 31. Re2 Rg8 32. Re5 Rxe5 33. dxe5 Qf5 34. c6 Bxc6 35. Qc5
Qd3 36. Kh1 Qc4 37. Bb4 Qxc5 38. Bxc5 g4 39. hxg4 hxg4 40. fxg4 Rxg4 41. Kh2 d4
42. Bxd4 Rxg2+ 43. Kh3 f3 44. Rf1 Kg6 45. Rc1 Be4 46. Rc7 Kh5 47. Rf7 Bf5+ 48.
Rxf5+ exf5 49. Bc5 Re2 50. Bd6 f2 51. Kg2 Kg4 52. a5 f4 53. Bc7 Kf5 54. Kf1 Rc2
55. Bd6 Ke4 56. Kg2 Kf5 57. Kf1 Rc1+ 58. Kxf2 Rc3 59. Bc7 Re3 60. Bd6 Rxe5 61.
Bxe5 Kxe5 62. Kf3 Kd4 63. Kxf4 Kc5 64. Ke5 Kb5 65. Kd6 Kxa5 66. Kc7 Kb4 67. Kxb7
a5 68. Kc7 a4 69. b7 a3 70. b8=Q+ 1-0